Introducción a la psicología cognitiva

Guardat en:
Dades bibliogràfiques
Autor principal: Vega, Manuel de (Autor)
Format: Llibre
Idioma:espanyol
Publicat: Madrid, España Alianza 1984
Edició:1a. ed
Col·lecció:Alianza Psicología,
Matèries:
Accés en línia:Disponible Online - Cap.1, 8 y 9
Etiquetes: Afegir etiqueta
Sense etiquetes, Sigues el primer a etiquetar aquest registre!

MARC

LEADER 00000nam a2200000 a 4500
001 UCQ5689
003 CL-VaPUC
005 20210408121934.0
008 981002e19840000SP |||||||||||||||||spa|d
999 |c 275894  |d 275892 
020 |a 8420665037 
040 |c Pontificia Universidad Católica de Valparaíso 
082 0 4 |a 153.4 VEG 1984  |2 21 
100 0 |a Vega, Manuel de  |e author  |9 419726 
245 1 0 |a Introducción a la psicología cognitiva 
250 |a 1a. ed 
260 |a Madrid, España   |b Alianza  |c 1984 
300 |a 562 páginas  
440 |a Alianza Psicología,   |n  3   |9 860232 
583 |a last modification  |c 19981002 00:00:00  |k Rodrigo Vera 
650 0 |a Cognición   |9 270347 
650 0 |a Proceso mental de la información   |2 CL-VaPUC  |9 307280 
650 0 |a Memoria  |9 266549 
856 |u http://bibliografiadigital.pucv.cl.pucv.idm.oclc.org/index.php/bibliotecapucv/catalog/book/238  |y Disponible Online - Cap.1, 8 y 9  
942 |c BK  |2 ddc 
945 |d 19981002 00:00:00  |a lriquelm 
952 |0 0  |1 0  |4 0  |6 153_400000000000000_VEG_1984  |7 0  |8 A  |9 312770  |a FDOPOS  |b FDOPOS  |d 2019-11-20  |i 3069249  |o 153.4 VEG 1984  |p 3069249  |r 2025-01-22  |w 2019-11-20  |y BK  |k MLA 
952 |0 0  |1 0  |4 0  |6 153_400000000000000_VEG_1984  |7 0  |8 A  |9 312772  |a FDOPOS  |b FDOPOS  |d 2019-11-20  |i 3622541  |o 153.4 VEG 1984  |p 3622541  |r 2025-01-22  |w 2019-11-20  |y BK  |k MLA 
952 |0 0  |1 0  |4 0  |6 153_400000000000000_VEG_1984  |7 0  |8 A  |9 312773  |a FDOPOS  |b FDOPOS  |d 2019-11-20  |i 362255K  |o 153.4 VEG 1984  |p 362255K  |r 2025-01-22  |w 2019-11-20  |y BK  |k MLA 
952 |0 0  |1 0  |4 0  |6 153_400000000000000_VEG_1984  |7 0  |8 A  |9 312774  |a BIBEDU  |b BIBEDU  |d 2019-11-20  |i 4594959  |o 153.4 VEG 1984  |p 4594959  |r 2019-11-20  |w 2019-11-20  |y BK  |k BME